000 00670nam a2200205Ia 4500
003 IN-BaIIA
008 211028s9999 xx s 000 0 eng d
020 _a2-86883-913-4 (Online)
022 _a1633-4760 (Print)
022 _a1638-1963 (Online)
040 _cIIA Library
100 _aMontmerle, T., ed.
_916036
245 0 _aStars and Nuclei: A Tribute to Manuel Forestini
_h[eBook]
260 _aFrance
_bEDP Sciences
_c2006
300 _aiii, 219p.
490 _aEAS Publications Series
700 _aKahane, C., ed.
_938152
856 _uhttps://www.eas-journal.org/articles/eas/abs/2006/02/contents/contents.html
_yClick Here to Access eBook
942 _cEB
999 _c20613
_d20613